| 000 | 00727nam a22002417a 4500 | ||
|---|---|---|---|
| 005 | 20170124110057.0 | ||
| 010 | _aB-082670 | ||
| 020 | _c00.00 | ||
| 035 | _aB-082670 | ||
| 037 | _bCen Lib/Ret | ||
| 040 |
_aDPL _bEN |
||
| 082 |
_aS _bSHO |
||
| 245 |
_ashort stories / _cedited by Yasmin Hameed [and] Asif Aslam Farrukhi |
||
| 260 |
_aDelhi _bAjanta Books International _c2002 |
||
| 270 |
_a1 UB Jawahar Nagar, Bunglow Road _bDelhi _e110007 |
||
| 300 |
_a197p. _c21cm(Hb) |
||
| 490 |
_aPakistani women writers _v1 |
||
| 650 |
_aEnglish fiction _926662 |
||
| 650 |
_aEnglish fiction--short stories _926663 |
||
| 700 |
_a Hameed, Yasmin _926664 |
||
| 700 |
_aFarrukhi, Asif Aslam _926665 |
||
| 942 |
_2ddc _cEN _hS _mSHO |
||
| 999 |
_c129540 _d129540 |
||